| Tag |
First Indicator |
Second Indicator |
Subfields |
| LEADER |
00000nam a2200000 i 4500 |
| 001 |
in00004725021 |
| 006 |
m o d |
| 007 |
cr cnu---unuuu |
| 008 |
220720s2023 dcu ob 001 0 eng |
| 005 |
20230620130712.5 |
| 010 |
|
|
|a 2022028402
|
| 020 |
|
|
|a 9781647123468
|q electronic book
|
| 020 |
|
|
|a 1647123461
|q electronic book
|
| 020 |
|
|
|z 9781647123475
|q hardcover
|
| 035 |
|
|
|a (DLC)jstor22573/CTV31JPH73
|
| 037 |
|
|
|a 22573/ctv31jph73
|b JSTOR
|
| 040 |
|
|
|a NhCcYBP
|c NhCcYBP
|
| 042 |
|
|
|a pcc
|
| 043 |
|
|
|a f-rw---
|
| 050 |
|
4 |
|a BX1682.R8
|b R45 2023
|
| 072 |
|
7 |
|a REL
|x 028000
|2 bisacsh
|
| 072 |
|
7 |
|a REL
|x 015000
|2 bisacsh
|
| 072 |
|
7 |
|a REL
|x 010000
|2 bisacsh
|
| 072 |
|
7 |
|a REL
|x 067080
|2 bisacsh
|
| 072 |
|
7 |
|a POL
|x 035010
|2 bisacsh
|
| 072 |
|
7 |
|a POL
|x 061000
|2 bisacsh
|
| 072 |
|
7 |
|a HIS
|x 001020
|2 bisacsh
|
| 082 |
0 |
0 |
|a 282/.67571
|2 23/eng/20230329
|
| 245 |
0 |
0 |
|a Reinventing theology in post-genocide Rwanda :
|b challenges and hopes /
|c Marcel Uwineza, SJ, Elisée Rutagambwa, SJ, and Michel Segatagara Kamanzi, SJ, editors.
|
| 264 |
|
1 |
|a Washington, DC :
|b Georgetown University Press,
|c [2023]
|
| 300 |
|
|
|a 1 online resource.
|
| 336 |
|
|
|a text
|b txt
|2 rdacontent
|
| 337 |
|
|
|a computer
|b c
|2 rdamedia
|
| 338 |
|
|
|a online resource
|b cr
|2 rdacarrier
|
| 504 |
|
|
|a Includes bibliographical references and index.
|
| 588 |
|
|
|a Description based on online resource; title from digital title page (viewed on May 31, 2023).
|
| 610 |
2 |
0 |
|a Catholic Church
|z Rwanda
|x History
|y 21st century.
|
| 650 |
|
0 |
|a Reconciliation
|x Religious aspects
|x Catholic Church.
|
| 650 |
|
0 |
|a Postwar reconstruction
|z Rwanda.
|
| 651 |
|
0 |
|a Rwanda
|x Church history.
|
| 651 |
|
0 |
|a Rwanda
|x Religion.
|
| 648 |
|
7 |
|a 2000-2099
|2 fast
|
| 655 |
|
7 |
|a Electronic books.
|2 local
|
| 700 |
1 |
|
|a Uwineza, Marcel,
|e editor.
|
| 700 |
1 |
|
|a Rutagambwa, Elisée,
|e editor.
|
| 700 |
1 |
|
|a Segatagara Kamanzi, Michel,
|d 1976-
|e editor.
|
| 776 |
1 |
8 |
|i Print version:
|t Reinventing theology in post-genocide Rwanda
|d Washington, DC : Georgetown University Press, 2023
|z 9781647123475
|w (DLC) 2022028401
|
| 856 |
4 |
0 |
|u http://proxy.library.tamu.edu/login?url=https://www.jstor.org/stable/10.2307/j.ctv31nzjvq
|z Connect to the full text of this electronic book
|t 0
|
| 955 |
|
|
|a JSTOR DDA record
|
| 999 |
f |
f |
|s c6f66cce-50d9-4e51-aa19-95c47d05e8a4
|i 4fd4a456-8295-4177-b11c-33bcf4232934
|t 0
|
| 952 |
f |
f |
|a Texas A&M University
|b College Station
|c Electronic Resources
|d Available Online
|t 0
|e BX1682.R8 R45 2023
|h Library of Congress classification
|
| 998 |
f |
f |
|a BX1682.R8 R45 2023
|t 0
|l Available Online
|